Detalles MARC
| 000 -LEADER |
| fixed length control field |
02221nam a2200445Ii 4500 |
| 001 - CONTROL NUMBER |
| control field |
DIGXIAGT014 |
| 003 - CONTROL NUMBER IDENTIFIER |
| control field |
NyNyDIG |
| 008 - FIXED-LENGTH DATA ELEMENTS--GENERAL INFORMATION |
| fixed length control field |
140901s2013 sp o 000 0 spa d |
| 006 - FIXED-LENGTH DATA ELEMENTS--ADDITIONAL MATERIAL CHARACTERISTICS |
| fixed length control field |
m o d |
| 007 - PHYSICAL DESCRIPTION FIXED FIELD--GENERAL INFORMATION |
| fixed length control field |
cr ||||||||||| |
| 020 ## - INTERNATIONAL STANDARD BOOK NUMBER |
| International Standard Book Number |
9788415863601 |
| Qualifying information |
(eBook) |
| 020 ## - INTERNATIONAL STANDARD BOOK NUMBER |
| Canceled/invalid ISBN |
9788481097412 |
| Qualifying information |
(Galaxia Gutenberg) |
| 020 ## - INTERNATIONAL STANDARD BOOK NUMBER |
| Canceled/invalid ISBN |
8481097411 |
| Qualifying information |
(Galaxia Gutenberg) |
| 020 ## - INTERNATIONAL STANDARD BOOK NUMBER |
| Canceled/invalid ISBN |
9788467255430 |
| Qualifying information |
(Círculo de Lectores) |
| 020 ## - INTERNATIONAL STANDARD BOOK NUMBER |
| Canceled/invalid ISBN |
8467255439 |
| Qualifying information |
(Círculo de Lectores) |
| 035 ## - SYSTEM CONTROL NUMBER |
| System control number |
(OCoLC)893649365 |
| 040 ## - CATALOGING SOURCE |
| Original cataloging agency |
DGITA |
| Language of cataloging |
eng |
| Description conventions |
rda |
| -- |
pn |
| Transcribing agency |
DGITA |
| 050 14 - LIBRARY OF CONGRESS CALL NUMBER |
| Classification number |
PN45 eBook |
| 100 1# - MAIN ENTRY--PERSONAL NAME |
| Personal name |
Goytisolo, Juan, |
| Relator term |
author. |
| 245 10 - TITLE STATEMENT |
| Title |
Belleza sin ley / |
| Statement of responsibility, etc. |
Juan Goytisolo. |
| 250 ## - EDITION STATEMENT |
| Edition statement |
Primera edición. |
| 264 #1 - PRODUCTION, PUBLICATION, DISTRIBUTION, MANUFACTURE, AND COPYRIGHT NOTICE |
| Place of production, publication, distribution, manufacture |
Barcelona : |
| Name of producer, publisher, distributor, manufacturer |
Galaxia Gutenberg : |
| -- |
Círculo de Lectores, |
| Date of production, publication, distribution, manufacture, or copyright notice |
2013. |
| 300 ## - PHYSICAL DESCRIPTION |
| Extent |
1 online resource (150 pages). |
| 336 ## - CONTENT TYPE |
| Content type term |
text |
| Content type code |
txt |
| Source |
rdacontent |
| 337 ## - MEDIA TYPE |
| Media type term |
computer |
| Media type code |
c |
| Source |
rdamedia |
| 338 ## - CARRIER TYPE |
| Carrier type term |
online resource |
| Carrier type code |
cr |
| Source |
rdacarrier |
| 490 1# - SERIES STATEMENT |
| Series statement |
Serie Ensayo |
| 500 ## - GENERAL NOTE |
| General note |
Essays. |
| 505 0# - FORMATTED CONTENTS NOTE |
| Formatted contents note |
Belleza sin ley -- La trilogía de Arno Schmidt -- Espacio en movimiento -- Leer y releer La muerte de Virgilio -- Una suma de todas las artes -- Cuando el diablo visitó Moscú -- Literatura y poder -- Radicales libres -- Ética y poesía -- Mal bicho, pero genial -- Trayectorias de la modernidad -- Madame Bovary, Anna Karénina y La Regenta -- Cuando la palabra poética nos abandonó -- Más y más cosas, pero menos importantes -- No somos los últimos -- Grafología plástica y pensamiento pictórico -- La busca de lo exótico: del orientalismo a Tahití. |
| 588 0# - SOURCE OF DESCRIPTION NOTE |
| Source of description note |
Online resource; title from ePub and PDF title page (Digitalia, viewed August 10, 2014) |
| 650 #0 - SUBJECT ADDED ENTRY--TOPICAL TERM |
| Topical term or geographic name entry element |
Literature |
| General subdivision |
Aesthetics. |
| 655 #0 - INDEX TERM--GENRE/FORM |
| Genre/form data or focus term |
Electronic books. |
| 791 2# - |
| -- |
Digitalia (Firm), |
| -- |
distributor. |
| 793 0# - |
| -- |
Digitalia eBook Collection: |
| -- |
Galaxia Gutenberg. |
| 776 08 - ADDITIONAL PHYSICAL FORM ENTRY |
| Relationship information |
Print version: |
| Main entry heading |
Goytisolo, Juan. |
| Title |
Belleza sin ley. |
| Place, publisher, and date of publication |
Barcelona : Galaxia Gutenberg : Círculo de Lectores, 2013. |
| International Standard Book Number |
9788481097412 |
| Record control number |
(OCoLC)848738813 |
| 830 #0 - SERIES ADDED ENTRY--UNIFORM TITLE |
| Uniform title |
Serie Ensayo (Galaxia Gutenberg (Firm)). |
| 856 40 - ELECTRONIC LOCATION AND ACCESS |
| Materials specified |
Digitalia Hispánica |
| Uniform Resource Identifier |
<a href="https://www.digitaliapublishing.com/a/28778/">https://www.digitaliapublishing.com/a/28778/</a> |
| 910 ## - USER-OPTION DATA (OCLC) |
| User-option data |
Premium Collection: 2014 |
| 942 ## - ADDED ENTRY ELEMENTS (KOHA) |
| Koha item type |
Recurso Electrónico |